| 000 | 01053nam a22003017a 4500 | ||
|---|---|---|---|
| 001 | 4594 | ||
| 003 | FISKH | ||
| 005 | 20240917144552.0 | ||
| 008 | 240917b cb ||||| |||| 00| 0 eng d | ||
| 020 | _a9780439344159 | ||
| 040 |
_aFISKH _beng _cFISKH _dFISKH |
||
| 050 | _aPZ7.B14032 | ||
| 082 | _2823.914 | ||
| 100 |
_aM.Baglio, Ben _d1960- |
||
| 245 |
_aFoal in the fog / _cBen M.Baglio Illustrations by Ann Baum |
||
| 250 | _aPublished in 1999 | ||
| 260 |
_aNew York : _bScholastic, _c1999. |
||
| 300 |
_a136 pages : _billustrations ; _c20cm |
||
| 505 | _aP | ||
| 520 | _aWhilst pony trekking with her cousin, Mandy gets separated and lost in the fog. She comes across a skewbald foal, who disappears back into the mist. Abby, is haunted by the death of her own skewbald foal, who lost its life in fog. | ||
| 521 | 8 |
_a650L _bLexile |
|
| 521 | 8 |
_aP
_bRaz-Plus |
|
| 650 |
_2Fiction _aAnimal fiction _vHorses |
||
| 650 |
_2Adventure for Kids _aHorses--fiction |
||
| 700 |
_aBaum, Ann _dIllustrator |
||
| 942 |
_2ddc _cBK _n0 |
||
| 999 |
_c4594 _d4594 |
||